Top 10 biggest freshwater fish - Statistics

General Stats
  • This quiz has been taken 4 times
  • The average score is 3 of 10
Answer Stats
Hint Answer % Correct
1,000+ White sturgeon
100%
3,000+ Beluga sturgeon
50%
13+ feet long Giant freshwater stingray
50%
600+ Mekong giant catfish
25%
200+ Nile perch
25%
300+ Alligator gar
0%
200+ American paddlefish
0%
400+ Arapaima
0%
200+ Chinese paddlefish
0%
170+ Jau
0%
No matching quizzes found
Score Distribution
Percent of People with Each Score
Percentile by Number Answered
Your Score History
You have not taken this quiz